| 000 | 00508nam a22001697a 4500 | ||
|---|---|---|---|
| 005 | 20231116090419.0 | ||
| 008 | 231116b |||||||| |||| 00| 0 eng d | ||
| 020 | _a9780409124163 | ||
| 041 | _aEnglish | ||
| 082 | _a344.1 LER | ||
| 100 |
_ale Roux, R _lEnglish |
||
| 245 |
_aRetrenchment Law in South Africa / _cR le Roux |
||
| 260 |
_aDurban : _bLexisNexis (Pty) Ltd, _c2016 |
||
| 300 |
_bxvi, 228 pages ; _c25 cm. |
||
| 650 |
_aLegal practice _bLaw |
||
| 942 |
_cBK _6ALISON_BN_VRIES |
||
| 999 |
_c715 _d715 |
||